• 首页
  • 本馆介绍
  • 公告通知
  • 最新文献
  • 馆藏检索
  • 电子资源
  • 读者导购
  • 参考咨询
  • 我的图书馆
  • 登录
  • 详细信息显示
  • 放入我的书架
  • 预约/预借图书
  • 作者相关作品
  • 分类相关作品
  • 丛书相关作品
  • 出版社相关作品

书目信息

  • 表格格式
  • 工作单格式
  • 卡片格式
题名:
巴顿将军
    
 
作者: 法拉戈 著 ;张志明 译
分册: 上   考验
出版信息: 北京   中国对外翻译出版社  1984
页数: 321页
开本: 19cm
丛书名:
单 册:
中图分类: K837.125.2
科图分类:
主题词: 军事人物--传记--美国
电子资源:
ISBN:
000 00751nam0 2200253 45
001 0184004316
005 20060426170443.82
010    @dCNY2.55(全二册)
091    @a100220.1
100    @a19950628d1984 em y0chiy0121 ea
101 1  @achi@ceng
102    @aCN@b110000
105    @ab z 000zd
200 10 @a巴顿将军@Aba dun jiang jun@h上@i考验@f(美)拉迪斯拉斯·法拉戈著@F(mei)la di si la si·fa la ge zhu@g张志明译
210    @a北京@c中国对外翻译出版社@d1984
215    @a321页@c地图@d19cm
517    @a考验@AKao Yan
606 0  @a军事人物@x传记@y美国
690    @aK837.125.2@v3
701  0 @a法拉戈@4著
702  0 @a张志明@Azhang zhi ming@4译
801  2 @aCN@bNLC@c20060426
801  0 @aCN@b上海图书馆@c20040512
905    @dK837.125.2@e72:1
    
    巴顿将军.上.考验/(美)拉迪斯拉斯·法拉戈著/张志明译.-北京:中国对外翻译出版社,1984
    321页:地图;19cm
    
    
    ISBN :CNY2.55(全二册)
    
●
相关链接 在E读中查询图书 在五车中查询图书 在当当中查询图书 在豆瓣中查询图书


正题名:巴顿将军     索取号:K837.125.2/72:1         预约/预借

序号 登录号 条形码 馆藏地/架位号 状态 备注
1 0110623   001541610   第二样本阅览室/ [索取号:K837.125.2/72:1] 在馆    
2 0147179   202291108   密集书库/ [索取号:K837.125.2/72:1] 在馆    
3 0147180   001694125   密集书库/ [索取号:K837.125.2/72:1] 在馆    
4 0147181   001541629   密集书库/ [索取号:K837.125.2/72:1] 在馆    
唐山师范学院图书馆 欢迎您!
大连网信软件有限公司© 版权所有